000 01312namaa22003131i 4500
005 20260114125607.0
008 251203s1996 ua a|||fr|m|| 000 0 eng d
040 _aEG-GICUC
_beng
_cEG-GICUC
_dEG-GICUC
_erda
041 0 _aeng
_beng
_bara
049 _aDeposit
097 _aPh.D
099 _aCai01.10.17.Ph.D.1996.Os.S.
100 0 _aOsama Hussein Rochdy Ahmed Mohamed,
_epreparation.
245 1 0 _aStudies On Inactivated oil fmd vaccine /
_cBy Osama Hussein Rochdy Ahmed Mohamed; Supervised Prof. Dr. Mohamed Sami Saber, Dr. Adel Omar Abd El Rahman
246 1 5 _aدراسات عن لقاح الحمى القلاعية الزيتى الغير حى
264 0 _c1995.
300 _a130 Leaves :
_billustrations ;
_c30 cm. +
336 _2rda content
_atext
337 _2rdamedia
_aUnmediated
338 _2rdacarrier
_avolume
502 _aThesis (Ph.D.)-Cairo University,1995
504 _aBibliography: pages 108 :130
653 0 _aStudies On Inactivated oil fmd vaccine
700 0 _aMohamed Sami Saber
_ethesis advisor.
700 0 _aAdel Omar Abd El Rahman
_ethesis advisor.
900 _DDepartment of Virology
_FFaculty of Medicine
_UCairo University
_b1995
_cMohamed Sami Saber
_cAdel Omar Abd El Rahman
_dAdel Omar Abd El Rahman
905 _aNagat
_eNourhan
942 _2ddc
_cTH
_e21
_n0
999 _c176451